Zlyhania a nádeje demokracie v Európe

Gespeichert in:
Bibliographische Detailangaben
1. Verfasser: Katuninec, Milan
Format: Buch
Sprache:Slowakisch
Veröffentlicht: Trnava Filozofická fakulta Trnavskej univerzity v Trnave 2011
Schlagworte:
Tags: Tag hinzufügen
Keine Tags, Fügen Sie das erste Tag hinzu!

MARC

LEADER 00000nam a2200000 4500
001 0158444
005 20221207093945.4
020 |a 978-83-7490-435-3 
041 0 |a slo 
044 |a SK 
245 1 0 |a Zlyhania a nádeje demokracie v Európe  |c Milan Katuninec 
264 1 |a Trnava  |b Filozofická fakulta Trnavskej univerzity v Trnave  |c 2011 
300 |a 230 s. 
610 2 0 |a demokracia 
610 2 0 |a dejiny 
610 2 0 |a politika 
610 2 0 |a Európa 
100 1 |a Katuninec, Milan